000 01303nam a2200373Ia 4500
001 Z_2721
003 CHAP
008 220113s1981 xx 000 0 und d
010 _a165782
020 _a0-13-879783-8 (obra original) \ 968-26-022-9 (obra en español)
040 _cCHAP
082 _a636.4 B85
100 _aBundy, Clarence E.
_916074
240 _aSwine production
245 _aProducción porcina /
_c Clarence E. Bundy, Ronald V. Diggins y Virgil W. Christensen; traductor Manuel Barberan Roda
250 _aReimpresion
260 _aMéxico :
_bCECSA,
_c1981
300 _a430 p.
500 _aTraduccion de la obra en íngles: Swine production. La biblioteca cuenta con la 2a reimpresion de 1982 y 4a reimpresion de 1984
503 _aej.1: s/n \ ej.2: 130885
504 _aIncluye bibliografía e índice
650 _aGanado porcino
_945328
650 _aGanado porcino
_xProducción
_945399
650 _aGanado porcino
_xRazasGanado porcino
_xReproducciónGanado porcino
_xAlimentación
_9139801
700 _a Barberan Roda, Manuel, tr.
_9139802
700 _a Christensen, Virgil W., coaut.
_9139803
700 _aDiggins, Ronald V., coaut.
_9139804
901 _a636.4 B85
902 _aM
910 _a1981
942 _c1
942 _cc1
999 _c165782
_d165782